Igualdad y justicia (Record no. 18465)

MARC details
000 -LEADER
campo de control de longitud fija 00752nam a2200241 i 4500
001 - NÚMERO DE CONTROL
campo de control 18465
003 - IDENTIFICADOR DE NÚMERO DE CONTROL
campo de control ES-MaACL
005 - FECHA Y HORA DE LA ÚLTIMA TRANSACCIÓN
campo de control 20230906151838.0
007 - CAMPO FIJO DE DESCRIPCIÓN FÍSICA--INFORMACIÓN GENERAL
campo de control de longitud fija t|
008 - DATOS DE LONGITUD FIJA--INFORMACIÓN GENERAL
campo de control de longitud fija 011120s2001 sp ||||1| spa d
020 ## - NÚMERO INTERNACIONAL ESTÁNDAR DEL LIBRO
Número Internacional Estándar del Libro 84-7642-641-0
080 ## - NÚMERO DE LA CLASIFICACIÓN DECIMAL UNIVERSAL
Número de la Clasificación Decimal Universal 1 Rawls, John
080 ## - NÚMERO DE LA CLASIFICACIÓN DECIMAL UNIVERSAL
Número de la Clasificación Decimal Universal 340.114
100 1# - ENTRADA PRINCIPAL--NOMBRE DE PERSONA
Nombre de persona Pereira, Gustavo.
9 (RLIN) 90472
245 10 - MENCIÓN DEL TÍTULO
Título Igualdad y justicia
Resto del título : la propuesta de justicia distributiva de John Rawls /
Mención de responsabilidad, etc. Gustavo Pereira ; prólogo de Adela Cortina.
250 ## - MENCION DE EDICION
Mención de edición 1ª ed.
260 ## - PUBLICACIÓN, DISTRIBUCIÓN, ETC.
Lugar de publicación, distribución, etc. Valencia :
Nombre del editor, distribuidor, etc. Nau Llibres,
Fecha de publicación, distribución, etc. 2001.
300 ## - DESCRIPCIÓN FÍSICA
Extensión 127 p. ;
Dimensiones 22 cm.
600 14 - PUNTO DE ACCESO ADICIONAL DE MATERIA--NOMBRE DE PERSONA
Nombre de persona Rawls, John-
Subdivisión general Crítica e interpretación.
9 (RLIN) 95613
650 14 - PUNTO DE ACCESO ADICIONAL DE MATERIA--TÉRMINO DE MATERIA
Término de materia o nombre geográfico como elemento de entrada Justicia.
9 (RLIN) 14032
700 1# - ENTRADA AGREGADA--NOMBRE PERSONAL
Nombre de persona Cortina Orts, Adela.
9 (RLIN) 40948
852 ## - LOCALIZACIÓN
Ubicación ES-MaACL
Número de control de estantería L-25083
Sublocalización o colección R.130647
Holdings
Estatus retirado Estado de pérdida Estado de daño No para préstamo Biblioteca de origen Biblioteca actual Ubicación en estantería Fecha de adquisición Fuente de adquisición Total de préstamos Signatura topográfica completa Código de barras Visto por última vez Precio de reemplazo Tipo de ítem Koha
        Biblioteca del Ateneo de Madrid Biblioteca del Ateneo de Madrid Depósito 2 17/01/2008     L-25083 1018891 23/02/2023 23/02/2023 Libro impreso